| 000 | 00845nam a22002417a 4500 | ||
|---|---|---|---|
| 001 | 14496 | ||
| 003 | BD-JhCC | ||
| 005 | 20251220092714.0 | ||
| 008 | 251218b |||||||| |||| 00| 0 eng d | ||
| 020 | _a9789847662029 | ||
| 035 | _a(BD-JhCC)14496 | ||
| 040 |
_aBD-JhCC _dBD-JhCC |
||
| 041 | _aeng | ||
| 082 |
_223 _a799.2 _bAND 2015 |
||
| 100 | _aএন্ডারসন, কেনেথ | ||
| 245 |
_aশিকার কাহিনি সাবধান মানুষখেকো / _cকেনেথ এন্ডারসন |
||
| 246 | _aSabdhan Manushkheko | ||
| 260 |
_aঢাকা: _bঐতিহ্য প্রকাশনী, _c২০১৫ |
||
| 300 |
_a১৪৩ পৃ.; _c২২ সেমি. _eপেপার বাইন্ডিং |
||
| 650 | _aশিকার কাহিনি | ||
| 942 |
_2ddc _cBK |
||
| 999 |
_c14496 _d14496 |
||